Science Education for Gifted Learners/ (Record no. 8463)

MARC details
000 -LEADER
fixed length control field 00593nam a22001937a 4500
003 - CONTROL NUMBER IDENTIFIER
control field OSt
005 - DATE AND TIME OF LATEST TRANSACTION
control field 20240614111657.0
008 - FIXED-LENGTH DATA ELEMENTS--GENERAL INFORMATION
fixed length control field 240614b |||||||| |||| 00| 0 eng d
020 ## - INTERNATIONAL STANDARD BOOK NUMBER
International Standard Book Number 9780415395335
040 ## - CATALOGING SOURCE
Transcribing agency MUST
082 ## - DEWEY DECIMAL CLASSIFICATION NUMBER
Classification number 507.1 SCI 2007.
245 ## - TITLE STATEMENT
Title Science Education for Gifted Learners/
260 ## - PUBLICATION, DISTRIBUTION, ETC. (IMPRINT)
Place of publication, distribution, etc. New YORK,
Name of publisher, distributor, etc. Routledge Taylor & Francis Group,
Date of publication, distribution, etc. 2007.
300 ## - PHYSICAL DESCRIPTION
Extent xv,240p.:
Other physical details ill,;
Dimensions 24cm.
504 ## - BIBLIOGRAPHY, ETC. NOTE
Bibliography, etc Includes,Bibliographical References and indexes.
650 ## - SUBJECT ADDED ENTRY--TOPICAL TERM
Source of heading or term Gifted Learners,
Topical term or geographic name as entry element Mathmatics.
9 (RLIN) 17208
700 ## - ADDED ENTRY--PERSONAL NAME
Personal name Edited by Keith S. Taber.
9 (RLIN) 17209
942 ## - ADDED ENTRY ELEMENTS (KOHA)
Source of classification or shelving scheme Dewey Decimal Classification
Koha item type Open Shelf
Holdings
Withdrawn status Lost status Source of classification or shelving scheme Damaged status Not for loan Home library Current library Source of acquisition Inventory number Total Checkouts Full call number Barcode Date last seen Koha item type
    Dewey Decimal Classification     MUST Main Library MUST Main Library Purchase 11/34906   507.1 SCI 2007. 2024-20497 14/06/2024 Open Shelf